| 000 | 01555nam0a2200361 i 4500 | ||
|---|---|---|---|
| 001 | RU\NLR\BIBL_A\010654366 | ||
| 005 | 20260406144541.0 | ||
| 010 |
_a9785995122487 _bВ пер. |
||
| 021 |
_aRU _b2014-89734 _95449 |
||
| 035 | _a(NILC)RuMoRGB-007830382 | ||
| 035 | _a(NLR Aleph) 010654366 | ||
| 090 |
_a10719244 _c10719244 |
||
| 100 | _a20150128d2015 b y0rusy50 ca | ||
| 101 | 0 | _arus | |
| 102 | _aRU | ||
| 105 | _aa|||z||||||z| | ||
| 200 | 1 |
_aЛюбимые сказки _e[русские народные сказки в обработке К. Ушинского и О. Капицы _eдля чтнения взрослыми детям _fхудож.: К Павлова] |
|
| 210 |
_aМосква _cСтрекоза _d2015 _d[т. е. 2014] |
||
| 215 |
_a[9] с. _cцв. ил. _d21 |
||
| 225 | 1 | _aЛюбимые книжки | |
| 300 | _aФактическая дата выхода в свет - 2014 | ||
| 675 | _a821-93 | ||
| 686 | 0 | _aШ9(2)3=Р-2я43 | |
| 702 | 1 |
_4570 _7ca _8rus _aУшинский _bК. Д. _f1823-1871 _gКонстантин Дмитриевич _9114219 _3RU\NLR\AUTH\774237 |
|
| 702 | 1 |
_4570 _7ca _8rus _aКапица _bО. И. _f1866-1937 _gОльга Иеронимовна _9113313 _3RU\NLR\AUTH\773311 |
|
| 702 | 1 |
_4040 _7ca _8rus _aПавлова _bК. А. _cхудожник _f1975- _gКсения Андреевна _931802 _3RU\NLR\AUTH\7748867 |
|
| 801 | 0 |
_aRU _bRuMoRKP _c20081030 _gRCR |
|
| 801 | 2 |
_aRU _bРГБ _c20141128 _grcr |
|
| 942 | _cBOOK | ||
| 980 | _aNBR | ||